The Fundamental law of the USSR / (Record no. 3376)

MARC details
000 -LEADER
fixed length control field 00815cam a2200253 a 4500
001 - CONTROL NUMBER
control field 3723764
003 - CONTROL NUMBER IDENTIFIER
control field OSt
005 - DATE AND TIME OF LATEST TRANSACTION
control field 20230703151045.0
008 - FIXED-LENGTH DATA ELEMENTS--GENERAL INFORMATION
fixed length control field 811215s1980 ru b 000 0 eng
010 ## - LIBRARY OF CONGRESS CONTROL NUMBER
LC control number 80153570
015 ## - NATIONAL BIBLIOGRAPHY NUMBER
National bibliography number USSR***
040 ## - CATALOGING SOURCE
Original cataloging agency DLC
Transcribing agency DLC
Modifying agency DLC
043 ## - GEOGRAPHIC AREA CODE
Geographic area code e-ur---
082 00 - DEWEY DECIMAL CLASSIFICATION NUMBER
Classification number 342.5
Item number ILI
245 04 - TITLE STATEMENT
Title The Fundamental law of the USSR /
Statement of responsibility, etc. [pod obshcheĭ redakt︠s︡ieĭ P.N. Fedoseeva ; translated from the Russian by Lenina Ilitskaya].
260 ## - PUBLICATION, DISTRIBUTION, ETC. (IMPRINT)
Place of publication, distribution, etc. Moscow :
Name of publisher, distributor, etc. Progress Publishers,
Date of publication, distribution, etc. c1980.
300 ## - PHYSICAL DESCRIPTION
Extent 372, [2] p., 1 l. ;
Dimensions 21 cm.
504 ## - BIBLIOGRAPHY, ETC. NOTE
Bibliography, etc Includes bibliographical references.
650 #0 - SUBJECT ADDED ENTRY--TOPICAL TERM
Topical term or geographic name as entry element Constitutional law
Geographic subdivision Soviet Union.
700 1# - ADDED ENTRY--PERSONAL NAME
Personal name Fedoseev, P. N.
Fuller form of name (Petr Nikolaevich)
906 ## - LOCAL DATA ELEMENT F, LDF (RLIN)
a 7
b cbc
c orignew
d 3
e ncip
f 19
g y-gencatlg
942 ## - ADDED ENTRY ELEMENTS (KOHA)
Source of classification or shelving scheme Dewey Decimal Classification
Koha item type Books
Holdings
Withdrawn status Lost status Source of classification or shelving scheme Damaged status Not for loan Home library Current library Date acquired Total Checkouts Full call number Barcode Date last seen Price effective from Koha item type
    Dewey Decimal Classification     County Hall Archives County Hall Archives 07/03/2023   342.5 ILI 10000397 07/03/2023 07/03/2023 Books
LIBRARY OPENING HOURS

When the Parliament is sitting: 8.00a.m - 7.00p.m or until the house adjourns
Mondays and Fridays and when the House is on Recess:  8.00a.m - 5.00p.m
Closed on Weekends and Public Holidays

Online Public Access Catalog (OPAC)
Website: http://www.parliament.go.ke
Bunge Library: https://libraryir.parliament.go.ke
Contact: library@parliament.go.ke | Tel no: (254-2)2221291 or 2848000 Ext 5043